| 000 | 00505nam a2200181Ia 4500 | ||
|---|---|---|---|
| 999 |
_c30113 _d30113 |
||
| 003 | OSt | ||
| 005 | 20210104144313.0 | ||
| 008 | 190216s9999||||xx |||||||||||||| ||und|| | ||
| 020 | _a9788126204649 | ||
| 040 | _coclc | ||
| 082 |
_a300 _bPOK/V |
||
| 100 |
_aPokker, P K _98065 |
||
| 245 | 0 |
_aVarnabhedhangal Padabhedhangal / _cP K Pokker |
|
| 260 |
_bChintha Publishers, _c2010. _aTrivandrum: |
||
| 300 | _a120p | ||
| 650 | _aMalayalam | ||
| 942 |
_cBK _2ddc _h300 _iPOK/V _k300 _mPOK/V |
||